[Event "11th Dubai Open 2009"]
[Site "Dubai"]
[Date "2009.05.01"]
[Round "6.5"]
[White "Pantsulaia Levan"]
[Black "Sundararajan Kidambi"]
[Result "1-0"]
[WhiteElo "2581"]
[BlackElo "2487"]
[PlyCount "79"]
[EventDate "2009.04.26"]
[WhiteTeam "Georgien"]
[BlackTeam "Indien"]
[WhiteTeamCountry "GEO"]
[BlackTeamCountry "IND"]

1. Nf3 Nf6 2. c4 c6 3. g3 d5 4. Bg2 dxc4 5. O-O Nbd7 6. Na3 Nb6 7. Qc2 Qd5 8.
Ne1 Qf5 9. e4 Qh5 10. Nxc4 Nxc4 11. Qxc4 e5 12. d4 exd4 13. e5 Nd5 14. Nd3 Be6
15. Qxd4 Be7 16. Bxd5 Bxd5 17. Nf4 Qg4 18. h3 Qd7 19. Nxd5 cxd5 20. Bh6 Qxh3
21. Bxg7 Rg8 22. e6 fxe6 23. Rac1 Bd6 24. Rc3 Qf5 25. Re1 Kf7 26. Be5 Rg4 27.
f4 Rag8 28. Bxd6 Rxg3+ 29. Kf1 Qh3+ 30. Ke2 Rxc3 31. Qxc3 Rg2+ 32. Kd1 Qf5 33.
Kc1 d4 34. Qc7+ Kg6 35. Be5 Kh5 36. Rh1+ Kg4 37. Qg7+ Kf3 38. Qxb7+ Kg3 39.
Qg7+ Kf3 40. Rf1+ 1-0

[Event "11th Dubai Open 2009"]
[Site "Dubai"]
[Date "2009.05.01"]
[Round "6.6"]
[White "Arun Prasad S"]
[Black "Geetha Narayanan Gopal"]
[Result "1/2-1/2"]
[WhiteElo "2552"]
[BlackElo "2572"]
[PlyCount "44"]
[EventDate "2009.04.26"]
[WhiteTeam "Indien"]
[BlackTeam "Indien"]
[WhiteTeamCountry "IND"]
[BlackTeamCountry "IND"]

1. d4 Nf6 2. c4 c5 3. d5 e6 4. Nc3 exd5 5. cxd5 d6 6. e4 g6 7. Bd3 Bg7 8. h3
O-O 9. Nf3 b5 10. Nxb5 Nxe4 11. O-O Re8 12. Re1 a6 13. Na3 Nf6 14. Rxe8+ Nxe8
15. Bg5 Qc7 16. Qd2 Nd7 17. Re1 Nef6 18. Nc4 Bb7 19. Qf4 Bxd5 20. Qxd6 Qxd6 21.
Nxd6 Bxa2 22. Ra1 Bd5 1/2-1/2

[Event "11th Dubai Open 2009"]
[Site "Dubai"]
[Date "2009.05.01"]
[Round "6.7"]
[White "Aleksandrov Aleksej"]
[Black "Jankovic Alojzije"]
[Result "1-0"]
[WhiteElo "2624"]
[BlackElo "2540"]
[PlyCount "75"]
[EventDate "2009.04.26"]
[WhiteTeam "Belarus"]
[BlackTeam "Kroatien"]
[WhiteTeamCountry "BLR"]
[BlackTeamCountry "CRO"]

1. d4 Nf6 2. c4 e6 3. Nc3 Bb4 4. e3 b6 5. f3 c5 6. d5 O-O 7. e4 d6 8. Nge2 b5
9. a3 Ba5 10. dxe6 Bxe6 11. cxb5 d5 12. exd5 Nxd5 13. Bd2 Nf6 14. Nf4 Bf5 15.
Be2 Re8 16. g4 Bg6 17. Nxg6 hxg6 18. O-O Qd4+ 19. Kh1 Nbd7 20. Be1 Rad8 21. Qc2
Qe3 22. Bf2 Qh6 23. Rad1 Bc7 24. Bg1 Nb6 25. Rxd8 Rxd8 26. Rd1 Nbd5 27. Nxd5
Nxd5 28. Qxc5 Bb6 29. Qc1 g5 30. Qc6 Qe6 31. Bc4 Bxg1 32. Qxe6 fxe6 33. Kxg1
Rc8 34. Bxd5 exd5 35. Rxd5 Rc1+ 36. Kg2 Rc2+ 37. Kg3 Rxb2 38. Rxg5 1-0

[Event "11th Dubai Open 2009"]
[Site "Dubai"]
[Date "2009.05.01"]
[Round "6.8"]
[White "Gasanov Eldar"]
[Black "Iordachescu Viorel"]
[Result "1/2-1/2"]
[WhiteElo "2551"]
[BlackElo "2608"]
[PlyCount "43"]
[EventDate "2009.04.26"]
[WhiteTeam "Ukraine"]
[BlackTeam "Moldowa"]
[WhiteTeamCountry "UKR"]
[BlackTeamCountry "MDA"]

1. d4 Nf6 2. c4 e6 3. Nc3 Bb4 4. f3 d5 5. a3 Bxc3+ 6. bxc3 c5 7. cxd5 Nxd5 8.
dxc5 Qa5 9. e4 Nf6 10. Be3 O-O 11. Qb3 Nfd7 12. a4 Qc7 13. Qa3 b6 14. cxb6 axb6
15. Nh3 Ba6 16. Bxa6 Nxa6 17. O-O Nac5 18. Qb4 Ra6 19. Ra2 Rfa8 20. Rfa1 h6 21.
Nf4 Qc6 22. Ne2 1/2-1/2

[Event "11th Dubai Open 2009"]
[Site "Dubai"]
[Date "2009.05.01"]
[Round "6.9"]
[White "Safarli Eltaj"]
[Black "Hossain Enamul"]
[Result "1/2-1/2"]
[WhiteElo "2599"]
[BlackElo "2531"]
[PlyCount "49"]
[EventDate "2009.04.26"]
[WhiteTeam "Aserbeidschan"]
[BlackTeam "Bangladesch"]
[WhiteTeamCountry "AZE"]
[BlackTeamCountry "BAN"]

1. e4 e5 2. Nf3 Nc6 3. Bb5 a6 4. Ba4 Nf6 5. O-O Be7 6. Re1 b5 7. Bb3 d6 8. c3
O-O 9. h3 h6 10. d4 Re8 11. Nbd2 Bf8 12. Nf1 Bd7 13. Ng3 Na5 14. Bc2 c5 15. b3
Nc6 16. Be3 cxd4 17. cxd4 exd4 18. Bxd4 Nxd4 19. Nxd4 g6 20. b4 Bg7 21. Bb3 Qb6
22. Qd3 Ng4 23. Rad1 Ne5 24. Qe2 Nc4 25. Bxc4 1/2-1/2

[Event "11th Dubai Open 2009"]
[Site "Dubai"]
[Date "2009.05.01"]
[Round "6.11"]
[White "Sturua Zurab"]
[Black "Ghaem Maghami Ehsan"]
[Result "1/2-1/2"]
[WhiteElo "2514"]
[BlackElo "2593"]
[PlyCount "64"]
[EventDate "2009.04.26"]
[WhiteTeam "Georgien"]
[BlackTeam "Iran"]
[WhiteTeamCountry "GEO"]
[BlackTeamCountry "IRI"]

1. d4 Nf6 2. c4 e6 3. Nc3 Bb4 4. Qc2 O-O 5. e4 d6 6. a3 Bxc3+ 7. bxc3 Nfd7 8.
Bd3 Nc6 9. f4 e5 10. Nf3 b6 11. O-O Ba6 12. Be3 Na5 13. Qa4 Qe8 14. Rfe1 f5 15.
exf5 e4 16. Bxe4 Qxe4 17. Qxd7 Nxc4 18. Qe6+ Qxe6 19. fxe6 Rae8 20. Nd2 Nxe3
21. Rxe3 Rxf4 22. d5 Rf5 23. c4 b5 24. Ne4 bxc4 25. Nc3 Rb8 26. Rf1 Rxf1+ 27.
Kxf1 Bb7 28. Re4 c6 29. dxc6 Bxc6 30. Rxc4 Rb6 31. Nd5 Bb5 32. Nc3 Bc6 1/2-1/2

[Event "11th Dubai Open 2009"]
[Site "Dubai"]
[Date "2009.05.01"]
[Round "6.12"]
[White "Gagunashvili Merab"]
[Black "Neverov Valeriy"]
[Result "1/2-1/2"]
[WhiteElo "2591"]
[BlackElo "2552"]
[PlyCount "98"]
[EventDate "2009.04.26"]
[WhiteTeam "Georgien"]
[BlackTeam "Ukraine"]
[WhiteTeamCountry "GEO"]
[BlackTeamCountry "UKR"]

1. d4 Nf6 2. c4 g6 3. Nc3 Bg7 4. e4 d6 5. f3 O-O 6. Be3 Nc6 7. Qd2 a6 8. Nge2
Rb8 9. Nc1 e5 10. Nb3 exd4 11. Nxd4 Nxd4 12. Bxd4 Be6 13. Be2 c6 14. a4 d5 15.
cxd5 cxd5 16. e5 Nd7 17. f4 f6 18. exf6 Nxf6 19. Rd1 Bf5 20. O-O Ne4 21. Qe3
Nxc3 22. Qxc3 Rc8 23. Qb4 a5 24. Qxb7 Bxd4+ 25. Rxd4 Be4 26. Qb3 Rb8 27. Qe3
Rxb2 28. Bf3 Bxf3 29. Qxf3 Rb4 30. Rfd1 Rxd4 31. Rxd4 Rf5 32. g3 Qb6 33. Qd3
Rf7 34. Kg2 Rd7 35. Qe3 Qd6 36. Kh3 Kg7 37. Rd3 Qf6 38. Kg2 h5 39. Kf3 Qf5 40.
Qd4+ Kh7 41. Kg2 Qg4 42. Rd2 h4 43. Qe5 Qf5 44. Qxf5 gxf5 45. gxh4 Kg6 46. Rd4
Kh5 47. Kg3 Rd8 48. Kh3 Rd7 49. Kg3 Rd8 1/2-1/2

[Event "11th Dubai Open 2009"]
[Site "Dubai"]
[Date "2009.05.01"]
[Round "6.13"]
[White "Grover Sahaj"]
[Black "Kotsur Pavel"]
[Result "0-1"]
[WhiteElo "2234"]
[BlackElo "2589"]
[PlyCount "86"]
[EventDate "2009.04.26"]
[WhiteTeam "Indien"]
[BlackTeam "Kazakhstan"]
[WhiteTeamCountry "IND"]
[BlackTeamCountry "KAZ"]

1. e4 c5 2. Nf3 e6 3. d4 cxd4 4. Nxd4 a6 5. Nc3 Qc7 6. Bd3 Nc6 7. Nxc6 dxc6 8.
O-O Nf6 9. f4 e5 10. Kh1 Bd6 11. f5 h5 12. Bg5 Qe7 13. Qf3 b5 14. a4 Bb7 15.
Bh4 Qc7 16. Qg3 Kf8 17. Ra2 Bc5 18. Rfa1 Re8 19. Qf3 Qb6 20. Nd1 Rd8 21. Bg3
Qc7 22. Bf2 Be7 23. Nc3 h4 24. axb5 axb5 25. Ra7 Qb8 26. h3 Nd7 27. Nb1 Bc5 28.
Bxc5+ Nxc5 29. Nc3 Na4 30. Qf2 Rd4 31. Nxa4 Qxa7 32. c3 bxa4 33. cxd4 exd4 34.
f6 Rh6 35. e5 Qc5 36. Qf4 Qd5 37. Qg5 Rxf6 38. Rxa4 Re6 39. Ra7 c5 40. Bf1 Rxe5
41. Qxh4 Rf5 42. Rxb7 Rxf1+ 43. Kh2 Qe5+ 0-1

[Event "11th Dubai Open 2009"]
[Site "Dubai"]
[Date "2009.05.01"]
[Round "6.14"]
[White "Mchedlishvili Mikheil"]
[Black "Adhiban B"]
[Result "0-1"]
[WhiteElo "2586"]
[BlackElo "2483"]
[PlyCount "102"]
[EventDate "2009.04.26"]
[WhiteTeam "Georgien"]
[BlackTeam "Indien"]
[WhiteTeamCountry "GEO"]
[BlackTeamCountry "IND"]

1. Nf3 d5 2. c4 c6 3. g3 Nf6 4. Bg2 Bg4 5. Ne5 Be6 6. cxd5 Bxd5 7. Nf3 c5 8.
O-O e6 9. Nc3 Bc6 10. Re1 Nbd7 11. e4 c4 12. Nd4 Ne5 13. Nxc6 bxc6 14. d4 cxd3
15. Bf4 Nfg4 16. h3 Nxf2 17. Kxf2 Bc5+ 18. Kf1 Qf6 19. Qh5 Bd4 20. Rad1 h6 21.
Rxd3 Nxd3 22. e5 Qd8 23. Bxc6+ Kf8 24. Bxa8 Qxa8 25. Rd1 Qh1+ 26. Ke2 Nxf4+ 27.
gxf4 Qg2+ 28. Kd3 Qxb2 29. Ne4 Bb6 30. Nd6 Qd4+ 31. Kc2 Qa4+ 32. Kb1 Qb4+ 33.
Kc2 Qxf4 34. Rd3 g6 35. Qe2 Kg7 36. Rf3 Qa4+ 37. Kb1 Rf8 38. Qf1 Qd7 39. Qd3
Qe7 40. Rf6 Kg8 41. h4 Bc7 42. Rf4 Bxd6 43. exd6 Qb7+ 44. Kc2 Rb8 45. Kd2 Qb2+
46. Ke3 Qe5+ 47. Kf3 Rd8 48. Rd4 Qf5+ 49. Qxf5 gxf5 50. Kf4 f6 51. Rd3 h5 0-1

[Event "11th Dubai Open 2009"]
[Site "Dubai"]
[Date "2009.05.01"]
[Round "6.15"]
[White "Guliev Sarhan"]
[Black "Perunovic Milos"]
[Result "1/2-1/2"]
[WhiteElo "2489"]
[BlackElo "2580"]
[PlyCount "103"]
[EventDate "2009.04.26"]
[WhiteTeam "Aserbeidschan"]
[BlackTeam "SRB"]
[WhiteTeamCountry "AZE"]

1. d4 Nf6 2. c4 e6 3. Nc3 Bb4 4. e3 O-O 5. Nge2 d5 6. a3 Bd6 7. cxd5 exd5 8.
Ng3 Re8 9. Be2 a6 10. O-O c5 11. dxc5 Bxc5 12. Bf3 Be6 13. b4 Ba7 14. Bb2 Nc6
15. Nce2 Ng4 16. Nd4 Qh4 17. Bxg4 Bxg4 18. Nf3 Qd8 19. h3 Be6 20. Nh5 f6 21.
Nd4 Bxd4 22. Bxd4 Rc8 23. Rc1 Bf7 24. Nf4 Re4 25. f3 Re8 26. Nd3 Qe7 27. Re1
Bg6 28. Nc5 h6 29. Qb3 Qf7 30. Red1 Nxd4 31. exd4 Re2 32. Re1 Rce8 33. Kf1 Qe7
34. Qd1 Rxe1+ 35. Qxe1 Qc7 36. Qd2 Bf5 37. Ne6 Qg3 38. Nf4 Bd7 39. Kg1 Bb5 40.
Nd3 Qg6 41. Re1 Rxe1+ 42. Nxe1 Qb1 43. Qe3 Kf7 44. g4 g5 45. Kf2 Qb2+ 46. Kg3
b6 47. Ng2 Bf1 48. Qf2 Qxf2+ 49. Kxf2 Bxg2 50. Kxg2 Ke6 51. a4 b5 52. a5
1/2-1/2

[Event "11th Dubai Open 2009"]
[Site "Dubai"]
[Date "2009.05.02"]
[Round "6.17"]
[White "Laxman, R R."]
[Black "Ramnath, Bhuvanesh"]
[Result "0-1"]
[WhiteElo "2521"]
[BlackElo "2273"]
[PlyCount "72"]
[EventDate "2009.04.26"]
[BlackTeam "United Arab Emirates"]
[BlackTeamCountry "UAE"]

1. e4 c5 2. Nf3 Nc6 3. Bb5 g6 4. O-O Bg7 5. Bxc6 dxc6 6. d3 Bg4 7. h3 Bxf3 8.
Qxf3 Nf6 9. Nd2 O-O 10. Nc4 Nd7 11. Qg3 e5 12. a4 Qe7 13. Kh1 b6 14. f4 f5 15.
exf5 Rxf5 16. Bd2 Raf8 17. Rfe1 Bh6 18. fxe5 Bxd2 19. Nxd2 Rxe5 20. Nf3 Re2 21.
Qg4 Nf6 22. Qc4+ Nd5 23. d4 Re4 24. Rxe4 Qxe4 25. Re1 Qf4 26. Qe2 cxd4 27. Qe6+
Kg7 28. Qxc6 Ne3 29. Qd7+ Kh6 30. Qxd4 {Diagram #} Nxg2 31. Qxf4+ Nxf4 32. h4
Nd3 33. Re3 Nxb2 34. Kh2 Rf7 35. Ng5 Rc7 36. Kg3 Nxa4 {67 moves} 0-1

[Event "11th Dubai Open 2009"]
[Site "Dubai"]
[Date "2009.05.02"]
[Round "6.18"]
[White "Narayanan, Srinath"]
[Black "Turov, Maxim"]
[Result "0-1"]
[WhiteElo "2381"]
[BlackElo "2582"]
[PlyCount "80"]
[EventDate "2009.04.26"]
[BlackTeam "United Arab Emirates"]
[BlackTeamCountry "UAE"]

1. e4 c6 2. d4 d5 3. e5 Bf5 4. Nf3 e6 5. Be2 Bb4+ 6. c3 Ba5 7. Nbd2 Nd7 8. O-O
Bc7 9. Re1 Qe7 10. c4 {Diagram #} g5 11. Nf1 g4 {Diagram #} 12. Bg5 gxf3 13.
Bxe7 fxe2 14. Rxe2 Nxe7 15. Qb3 Rb8 16. Ne3 dxc4 17. Nxc4 Nb6 18. Nd6+ Bxd6 19.
exd6 Ned5 20. Rae1 Kd7 21. Re5 Nc8 22. h3 Nxd6 23. g4 Rbg8 24. Kf1 Bg6 25. h4
h5 26. g5 Bf5 27. Rxf5 exf5 28. Re5 f6 29. gxf6 Rg4 30. f7 Rf8 31. Qa4 Nb6 32.
Qxa7 Nbc4 33. b3 Nd2+ 34. Ke2 N2e4 35. f3 Rg2+ 36. Kf1 Rf2+ 37. Ke1 Rxf3 38. d5
Rc3 39. Kd1 Rxf7 40. Qd4 Rd3+ 0-1

[Event "11th Dubai Open 2009"]
[Site "Dubai"]
[Date "2009.05.02"]
[Round "6.19"]
[White "Miezis, Normunds"]
[Black "Zozulia, Anna"]
[Result "1-0"]
[WhiteElo "2579"]
[BlackElo "2371"]
[PlyCount "69"]
[EventDate "2009.04.26"]
[BlackTeam "United Arab Emirates"]
[BlackTeamCountry "UAE"]

1. c4 e6 2. e4 d5 3. exd5 exd5 4. cxd5 Nf6 5. Nc3 Nxd5 6. Nf3 Nc6 7. d4 Bb4 8.
Bd2 O-O 9. Be2 Bg4 10. O-O {Diagram #} Rb8 11. h3 Bh5 12. Rc1 Nf6 13. Be3 h6
14. a3 Ba5 15. Ne5 Bxe2 16. Nxe2 Ne7 17. Ng3 c6 18. Ng4 Nxg4 19. Qxg4 f5 20.
Qf3 f4 21. Bxf4 Nd5 22. Nh5 Rf5 23. Qg4 Rxh5 24. Bxb8 Rg5 25. Qe6+ Kh7 26. Bg3
Rg6 27. Qf5 Ne7 28. Qe4 Qd7 29. h4 Kh8 30. Rc5 Bd8 31. Re5 Rg4 32. Qf3 Rxd4 33.
Rfe1 Ng6 34. Re8+ Kh7 35. h5 1-0

[Event "11th Dubai Open 2009"]
[Site "Dubai"]
[Date "2009.05.02"]
[Round "6.20"]
[White "Debashis, Das"]
[Black "Arutinian, David"]
[Result "1/2-1/2"]
[WhiteElo "2352"]
[BlackElo "2548"]
[PlyCount "45"]
[EventDate "2009.04.26"]
[BlackTeam "United Arab Emirates"]
[BlackTeamCountry "UAE"]

1. e4 c5 2. Nf3 d6 3. d4 cxd4 4. Nxd4 Nf6 5. Nc3 Nc6 6. Bg5 e6 7. Qd2 a6 8.
O-O-O Bd7 9. f3 b5 10. Be3 Ne5 11. a3 Qc7 12. g4 Nc4 13. Bxc4 Qxc4 14. g5 Nh5
15. f4 b4 16. axb4 Qxb4 17. Nb3 Qc4 {Diagram #} 18. Bc5 Rd8 19. Ba3 Be7 20. f5
h6 21. gxh6 Rxh6 22. fxe6 Bxe6 23. Na5 1/2-1/2

[Event "11th Dubai Open 2009"]
[Site "Dubai"]
[Date "2009.05.02"]
[Round "6.21"]
[White "Hassan, Abdullah"]
[Black "Brkic, Ante"]
[Result "1/2-1/2"]
[WhiteElo "2322"]
[BlackElo "2541"]
[PlyCount "66"]
[EventDate "2009.04.26"]
[BlackTeam "United Arab Emirates"]
[BlackTeamCountry "UAE"]

1. d4 Nf6 2. Nf3 g6 3. g3 d5 4. Bg2 Bg7 5. O-O O-O 6. c4 dxc4 7. Na3 c3 8. bxc3
c5 9. e3 Nc6 10. Qe2 Bf5 11. Rd1 Qb6 12. Nd2 cxd4 13. cxd4 Rac8 14. h3 Rfd8 15.
Nb3 Na5 16. Nxa5 Qxa5 17. e4 Bd7 18. Bb2 Ba4 19. Rdc1 e6 {Diagram #} 20. d5
exd5 21. exd5 Qb4 22. Rab1 Rxc1+ 23. Bxc1 Qc5 24. Qe3 Qxe3 25. Bxe3 Nxd5 26.
Bxa7 Bf8 27. Nb5 Bg7 28. Kh2 h5 29. Bc5 b6 30. Ba3 Be5 31. Bb2 Bxb2 32. Rxb2
Bxb5 33. Rxb5 Nc3 1/2-1/2

[Event "11th Dubai Open 2009"]
[Site "Dubai"]
[Date "2009.05.02"]
[Round "6.22"]
[White "Nasri, Amin"]
[Black "Ibrahimov, Rasul"]
[Result "0-1"]
[WhiteElo "2336"]
[BlackElo "2537"]
[PlyCount "56"]
[EventDate "2009.04.26"]
[BlackTeam "United Arab Emirates"]
[BlackTeamCountry "UAE"]

1. d4 Nf6 2. c4 e6 3. Nc3 Bb4 4. Qc2 c5 5. dxc5 Qc7 6. Nf3 a6 7. e3 Bxc5 8. b3
Be7 9. Bd3 d6 10. Bb2 Nbd7 {Diagram #} 11. O-O-O b6 12. g4 Bb7 13. e4 Ne5 14.
Nd4 Nxd3+ 15. Qxd3 b5 {Diagram #} 16. Ndxb5 axb5 17. Nxb5 Qc5 18. f3 O-O 19.
Kb1 Rfd8 20. a4 Qb6 21. Rhe1 Nd7 22. g5 Nc5 23. Qd4 Bf8 24. Qe3 d5 25. Bd4 dxc4
26. b4 Rxa4 27. Bxc5 Rxd1+ 28. Rxd1 Rxb4+ 0-1

[Event "11th Dubai Open 2009"]
[Site "Dubai"]
[Date "2009.05.02"]
[Round "6.24"]
[White "Lalith, Babu M R"]
[Black "Mamedjarova, Zeinab"]
[Result "1-0"]
[WhiteElo "2480"]
[BlackElo "2316"]
[PlyCount "121"]
[EventDate "2009.04.26"]
[BlackTeam "United Arab Emirates"]
[BlackTeamCountry "UAE"]

1. Nf3 f5 2. c4 Nf6 3. g3 g6 4. Bg2 Bg7 5. O-O O-O 6. d4 d6 7. Nc3 Qe8 8. d5
Na6 9. Rb1 c6 10. b4 Bd7 11. dxc6 bxc6 12. Nd4 Rc8 13. Nf3 Be6 14. Qb3 Rb8 15.
Qa4 Nd7 16. Qxa6 Bxc3 17. Bh6 Bxb4 18. Nd4 Nc5 19. Qxc6 Bd7 20. Qf3 Rf7 21. Qe3
Ne4 22. Bxe4 fxe4 23. Qxe4 e5 24. Nf3 Bc6 25. Qc2 Bc5 26. Rxb8 Qxb8 27. Ng5 Rf5
28. Ne4 Qc8 29. Nxc5 Rh5 30. f3 dxc5 31. Be3 e4 32. f4 Qe6 33. Qc3 Be8 34. Bc1
Kf7 35. e3 Ke7 36. Ba3 Bf7 37. Rc1 Qg4 38. Qd2 Be6 39. Rb1 Bd7 40. Rb7 Ke8 41.
Rxa7 Qe6 42. Qb2 Qd6 43. Qc2 Qd3 44. Qxd3 exd3 45. Bc1 Be6 46. Ra4 Bf5 47. Ra6
Kd7 48. Ra7+ Kd6 49. Bd2 Be6 50. Ra4 Bf5 51. Ra6+ Kd7 52. Bc3 Be6 53. Ra4 Bf5
54. Ra7+ Kc6 55. a4 Be6 56. Ra6+ Kd7 {Diagram #} 57. Rxe6 Kxe6 58. e4 Kd7 59.
h4 h6 60. Kg2 g5 61. Kh3 1-0

[Event "11th Dubai Open 2009"]
[Site "Dubai"]
[Date "2009.05.02"]
[Round "6.26"]
[White "Sethuraman, S P."]
[Black "Zakurdjaeva, Irina"]
[Result "1-0"]
[WhiteElo "2451"]
[BlackElo "2288"]
[PlyCount "67"]
[EventDate "2009.04.26"]
[BlackTeam "United Arab Emirates"]
[BlackTeamCountry "UAE"]

1. e4 e5 2. Nf3 Nc6 3. Bb5 Nf6 4. O-O Nxe4 5. Qe2 Nf6 6. d4 e4 7. Nbd2 d5 8.
Ne5 Qd6 {Diagram #} 9. f3 Bd7 10. Nxd7 Kxd7 11. fxe4 dxe4 12. Nc4 Qe6 13. Ne5+
Kd8 14. Bxc6 bxc6 15. Bg5 Ke8 16. Qa6 Rd8 17. Nxc6 Rd6 18. Qb5 {Diagram #} Rxc6
19. Bxf6 gxf6 20. d5 Bc5+ 21. Kh1 Qxd5 22. Rxf6 Kd7 23. c4 Qd6 {Diagram #} 24.
Raf1 Rf8 25. Rxd6+ cxd6 26. b4 a6 27. Qb7+ Rc7 28. Qxa6 Bd4 29. Rd1 Be5 30. c5
Rfc8 31. Qc4 f5 32. Qf7+ Kc6 33. Qd5+ Kd7 34. Qxe5 1-0

[Event "11th Dubai Open 2009"]
[Site "Dubai"]
[Date "2009.05.02"]
[Round "6.27"]
[White "Alhuwar, Jasem"]
[Black "Kayumov, Sergey"]
[Result "0-1"]
[WhiteElo "2293"]
[BlackElo "2450"]
[PlyCount "44"]
[EventDate "2009.04.26"]
[BlackTeam "United Arab Emirates"]
[BlackTeamCountry "UAE"]

1. Nf3 d5 2. g3 Nc6 3. d4 Bg4 4. Bg2 Qd7 5. Ne5 Nxe5 6. dxe5 e6 7. O-O f6 8. c4
c6 9. h3 Bh5 10. cxd5 exd5 11. Qd4 Qe6 12. Bf4 {Diagram #} g5 13. e4 gxf4 14.
exd5 Qxe5 15. Qa4 fxg3 16. dxc6 gxf2+ 17. Rxf2 b5 18. Qa6 Bc5 19. Nc3 Ne7 20.
Raf1 O-O 21. Ne4 Bxf2+ 22. Rxf2 Rad8 0-1

[Event "11th Dubai Open 2009"]
[Site "Dubai"]
[Date "2009.05.02"]
[Round "6.29"]
[White "Turova, Irina"]
[Black "Mohannad, Farhan"]
[Result "1/2-1/2"]
[WhiteElo "2396"]
[BlackElo "2284"]
[PlyCount "55"]
[EventDate "2009.04.26"]
[BlackTeam "United Arab Emirates"]
[BlackTeamCountry "UAE"]

1. d4 d6 2. Nf3 g6 3. c4 Bg7 4. Nc3 e5 5. e4 Nc6 6. Bg5 f6 7. Be3 Nh6 8. h3 Nf7
9. Be2 O-O 10. dxe5 dxe5 11. O-O Qxd1 12. Rfxd1 Nfd8 13. c5 Ne6 14. Bc4 h6 15.
Nh4 Kh7 16. Nd5 Rf7 {Diagram #} 17. f4 g5 18. fxg5 fxg5 19. Nf5 Bf8 20. Be2
Bxc5 21. Bxc5 Nxc5 22. Bh5 Rf8 23. Nxc7 Rb8 24. Rd6 Nxe4 25. Rxh6+ Kg8 26. Rg6+
Kh7 27. Rh6+ Kg8 28. Rg6+ 1/2-1/2

[Event "11th Dubai Open 2009"]
[Site "Dubai"]
[Date "2009.05.02"]
[Round "6.30"]
[White "Melnikova, Yana"]
[Black "Lejlic, Samir"]
[Result "1-0"]
[WhiteElo "2264"]
[BlackElo "2388"]
[PlyCount "85"]
[EventDate "2009.04.26"]
[BlackTeam "United Arab Emirates"]
[BlackTeamCountry "UAE"]

1. e4 e5 2. Nf3 Nc6 3. Bb5 a6 4. Ba4 d6 5. O-O Bd7 6. c3 Nge7 7. d4 Ng6 8. c4
Be7 9. Nc3 O-O 10. Be3 Bg4 11. Bxc6 bxc6 12. h3 exd4 13. Bxd4 Bxf3 14. Qxf3 c5
15. Be3 Bf6 16. Rac1 Re8 17. Rfe1 Re6 18. b3 {Diagram #} Nh4 19. Qh5 Bxc3 20.
Rxc3 Rxe4 21. Rcc1 Re5 22. Qg4 h5 23. Qf4 Qe7 24. Bd2 Re8 25. Rxe5 dxe5 26. Qe4
f5 27. Qd5+ Kh8 28. Bc3 Qg5 29. Rd1 e4 30. g3 e3 31. Kh1 exf2 32. gxh4 Qf4 33.
Qg2 Re7 34. Rf1 Qxh4 35. Rxf2 f4 36. Rd2 Kh7 37. Rd5 g6 38. Rxc5 Re1+ 39. Bxe1
Qxe1+ 40. Kh2 Qe3 41. Rxc7+ Kh6 42. h4 Qe5 43. Qg5+ 1-0

[Event "11th Dubai Open 2009"]
[Site "Dubai"]
[Date "2009.05.02"]
[Round "6.32"]
[White "Ashwin, Jayaram"]
[Black "Pourkashiyan, Atousa"]
[Result "0-1"]
[WhiteElo "2413"]
[BlackElo "2273"]
[PlyCount "74"]
[EventDate "2009.04.26"]
[BlackTeam "United Arab Emirates"]
[BlackTeamCountry "UAE"]

1. c4 e6 2. d4 Nf6 3. Nf3 Bb4+ 4. Nbd2 O-O 5. a3 Bxd2+ 6. Qxd2 b6 7. g3 Bb7 8.
Bg2 d6 9. O-O Nbd7 10. b3 Ne4 11. Qc2 Rb8 12. Bb2 f5 13. d5 e5 14. Nh4 g6 15.
Bxe4 fxe4 16. Qxe4 Bc8 17. f4 Nc5 18. Qc2 Bh3 19. Rf3 g5 {Diagram #} 20. fxe5
gxh4 21. Qc3 Ne4 22. Qe3 Rxf3 23. exf3 Qg5 24. f4 Qg6 25. Re1 Nc5 26. exd6 Qc2
27. Qe2 Qxe2 28. Rxe2 cxd6 29. Re7 Rb7 30. Re8+ Kf7 31. Rh8 Kg6 32. Rf8 Re7 33.
f5+ Kh5 34. Bf6 Re1+ 35. Kf2 Nd3+ 36. Kf3 Bg4+ 37. Kg2 h3# 0-1

[Event "11th Dubai Open 2009"]
[Site "Dubai"]
[Date "2009.05.02"]
[Round "6.34"]
[White "Girinath, P D S."]
[Black "Khojayan, Vardan"]
[Result "1-0"]
[WhiteElo "2404"]
[BlackElo "2261"]
[PlyCount "87"]
[EventDate "2009.04.26"]
[BlackTeam "United Arab Emirates"]
[BlackTeamCountry "UAE"]

1. e4 c5 2. Nf3 d6 3. c3 Nf6 4. h3 Bd7 5. Bd3 g6 6. O-O Bg7 7. Bc2 O-O 8. Re1
Nc6 9. d4 cxd4 10. cxd4 d5 11. e5 Ne4 12. Nbd2 Nxd2 13. Bxd2 Qb6 14. Bc3 a5 15.
Bb3 e6 16. Nh2 f6 17. exf6 Rxf6 18. Ba4 Raf8 19. Bxc6 bxc6 20. Ng4 Rf4 21. Ne5
Bxe5 22. Rxe5 Rxf2 23. Qe1 R2f4 24. Qe3 Bc8 25. Re1 Qb5 26. Kh2 Qb6 27. Rc1 Qc7
28. Qg3 c5 29. Rg5 e5 30. dxe5 d4 31. Be1 Kg7 32. e6 Bxe6 33. Rcxc5 Qd7 34.
Bxa5 R8f7 35. Rc7 Qd6 36. Rxf7+ Bxf7 37. Bb4 Qf6 {Diagram #} 38. Be7 Qxe7 39.
Qxf4 d3 40. Qd4+ Kg8 41. Rg3 Bxa2 42. Rxd3 Qc7+ 43. Qd6 Qf7 44. Rf3 1-0

[Event "11th Dubai Open 2009"]
[Site "Dubai"]
[Date "2009.05.02"]
[Round "6.36"]
[White "Hakimifard, Ghazal"]
[Black "Abdulov, Orkhan"]
[Result "0-1"]
[WhiteElo "2072"]
[BlackElo "2339"]
[PlyCount "54"]
[EventDate "2009.04.26"]
[BlackTeam "United Arab Emirates"]
[BlackTeamCountry "UAE"]

1. e4 c5 2. Nf3 e6 3. d4 cxd4 4. Nxd4 a6 5. Bd3 Nf6 6. O-O Qc7 7. Be3 d5 8.
exd5 Nxd5 9. Bd2 Nd7 10. Nc3 Nf4 11. Be4 Nf6 12. Qf3 Ng6 13. Rfe1 Bd6 14. h3
Be5 15. Nce2 Nxe4 16. Qxe4 O-O 17. Bc3 Rb8 18. Nf3 Bxc3 19. Nxc3 b5 20. Qe2 Bb7
21. Ne4 Rfd8 22. c3 Nf4 23. Qc2 Rd3 24. Nfd2 Rbd8 25. Nf1 {Diagram #} f5 26.
Ng5 Qc6 27. f3 h6 0-1

[Event "11th Dubai Open 2009"]
[Site "Dubai"]
[Date "2009.05.02"]
[Round "6.38"]
[White "Georg, Magdy"]
[Black "Khademalsharieh, Sarasadat"]
[Result "1-0"]
[WhiteElo "2277"]
[BlackElo "1806"]
[PlyCount "65"]
[EventDate "2009.04.26"]
[BlackTeam "United Arab Emirates"]
[BlackTeamCountry "UAE"]

1. d4 Nf6 2. Nf3 d5 3. e3 e6 4. Bd3 c5 5. c3 Nc6 6. Nbd2 Bd6 7. O-O O-O 8. dxc5
Bxc5 9. e4 e5 10. Qe2 d4 11. Nb3 Bb6 12. cxd4 Nxd4 13. Nbxd4 Bxd4 14. Nxd4 Qxd4
15. Be3 Qd8 16. Rfd1 Qe7 17. Rac1 b6 18. Bg5 h6 19. Bh4 Rd8 20. h3 Be6 21. b3
Rac8 22. Rxc8 Rxc8 {Diagram #} 23. Qb2 Bd7 24. Ba6 Rd8 25. Bxf6 Qxf6 26. Qd2
Kh7 27. Bb5 Bxb5 28. Qxd8 Qg6 29. Qh4 a5 30. Qg4 Qxg4 31. hxg4 Be2 32. Rd5 b5
33. f3 1-0

[Event "11th Dubai Open 2009"]
[Site "Dubai"]
[Date "2009.05.02"]
[Round "6.39"]
[White "Johny, P I."]
[Black "Mamedjarova, Turkan"]
[Result "0-1"]
[WhiteElo "2079"]
[BlackElo "2255"]
[PlyCount "62"]
[EventDate "2009.04.26"]
[BlackTeam "United Arab Emirates"]
[BlackTeamCountry "UAE"]

1. e4 e5 2. Nf3 Nf6 3. d4 Nxe4 4. Bd3 d5 5. Nxe5 Bd6 6. O-O O-O 7. c4 c6 8.
cxd5 cxd5 9. Bf4 Qh4 10. Bg3 Nxg3 11. hxg3 Qh6 12. Nc3 Nc6 13. Nxc6 bxc6 14.
Rc1 f5 15. f4 Bd7 16. Na4 Rab8 17. b3 Qf6 18. Bb1 Rb4 19. Nc5 Bc8 20. Re1 Rxd4
21. Qe2 Bxc5 22. Rxc5 Bd7 23. Qe5 Rd2 24. Qxf6 Rxf6 25. Bc2 Rg6 26. Re3 h5 27.
b4 h4 28. Kh2 {Diagram #} h3 29. g4 Rxg2+ 30. Kh1 R6xg4 31. a4 Rxf4 0-1